000 nam a22 7a 4500
999 _c129442
_d129442
008 190424b xxu||||| |||| 00| 0 eng d
020 _a978-1-77920-038-9
050 _aPL8681.1.M33 2009
100 _aMachakanja, Isaac
_945938
245 _aConceptual Metaphors in english and shona
_ba cross-linguistic and cross-cultural analysis
_c/ by Isaac Machakanja
260 _aHarare:
_bUniversity of Zimbabwe Publications,
_c2009.
300 _avi, 157p. ;
_c21cm.
650 _aEnglish language
_xgrammar comparative
_xshona language
_945939
650 _aShona language
_xgrammar comparative
_xenglish language
_945940
650 _aShona language
_xfigures of speech
_xcross-cultural studies
_945941
650 _aMetaphor
_911427
942 _2lcc
_cMONOGRAPH